Southville International School and Colleges
Your cart is empty.
  • Cart
  • Lists
    Public lists Eva Luna New books Lux_list list_1
    Your lists Log in to create your own lists
  • Log in to your account
  • Your cookies
  • Search history
Southville International School and Colleges
  • Advanced search
  • Recent comments
  • Most popular
  • Libraries

Log in to your account

Log in with GOOGLE


If you do not have an external account, but do have a local account, you can still log in:

  1. Home
  2. MARC view: Religion, work and inequality /
Normal view MARC view ISBD view

Religion, work and inequality / (Record no. 25846)

[ view plain ]
MARC details
000 -LEADER
fixed length control field 00893nam a22002657a 4500
003 - CONTROL NUMBER IDENTIFIER
control field PILC
005 - DATE AND TIME OF LATEST TRANSACTION
control field 20160321110309.0
008 - FIXED-LENGTH DATA ELEMENTS--GENERAL INFORMATION
fixed length control field 131217b xxu||||| |||| 00| 0 eng d
020 ## - INTERNATIONAL STANDARD BOOK NUMBER
International Standard Book Number 9781780523460
050 ## - LIBRARY OF CONGRESS CALL NUMBER
Classification number G 155.A1
Item number .Ed23 2013
245 ## - TITLE STATEMENT
Title Religion, work and inequality /
Statement of responsibility, etc edited by Lisa A. Keister, John D McCarthy, Roger Finke.
250 ## - EDITION STATEMENT
Edition statement 1st edition.
260 ## - PUBLICATION, DISTRIBUTION, ETC. (IMPRINT)
Place of publication, distribution, etc Bingley :
Name of publisher, distributor, etc Emerald,
Date of publication, distribution, etc 2012.
300 ## - PHYSICAL DESCRIPTION
Extent XVI, 397 pages :
Other physical details illustrations ;
Dimensions 24 cm.
440 ## - SERIES STATEMENT/ADDED ENTRY--TITLE
Title Research in the sociology of work.
Volume number/sequential designation 23
500 ## - GENERAL NOTE
General note Includes bibliographical references.
650 ## - SUBJECT ADDED ENTRY--TOPICAL TERM
Topical term or geographic name as entry element Social Science
Form subdivision Sociology
General subdivision General.
650 ## - SUBJECT ADDED ENTRY--TOPICAL TERM
Topical term or geographic name as entry element Social Science
General subdivision Sociology of Religion.
650 ## - SUBJECT ADDED ENTRY--TOPICAL TERM
Topical term or geographic name as entry element Social Science
General subdivision General.
700 ## - ADDED ENTRY--PERSONAL NAME
Personal name Keister, Lisa A.
Relator term editor.
700 ## - ADDED ENTRY--PERSONAL NAME
Personal name McCarthy, John.
Relator term editor.
700 ## - ADDED ENTRY--PERSONAL NAME
Personal name Finke, Roger.
Relator term editor.
942 ## - ADDED ENTRY ELEMENTS (KOHA)
Source of classification or shelving scheme Library of Congress Classification
Koha item type Books
Call number prefix Foreign
Holdings
Withdrawn status Lost status Source of classification or shelving scheme Damaged status Home library Current library Shelving location Date acquired Total Checkouts Full call number Barcode Date last seen Copy number Price effective from Koha item type
    Library of Congress Classification   College Library College Library Reserve Section 12/17/2013   G 155.A1 .Ed23 2013 C17314 05/15/2018 1 12/17/2013 Books

Religion, work and inequality /

APA

Keister L. A., McCarthy J. & Finke R. (2012). Religion, work and inequality. Bingley: Emerald.

Chicago

Keister Lisa A, McCarthy John and Finke Roger. 2012. Religion, work and inequality. Bingley: Emerald.

Harvard

Keister L. A., McCarthy J. and Finke R. (2012). Religion, work and inequality. Bingley: Emerald.

MLA

Keister Lisa A, McCarthy John and Finke Roger. Religion, work and inequality. Bingley: Emerald. 2012.

  • Place hold
  • Print
  • Cite
  • Add to your cart (remove)
  • Save record
    BIBTEX Dublin Core MARCXML MARC (non-Unicode/MARC-8) MARC (Unicode/UTF-8) MARC (Unicode/UTF-8, Standard) MODS (XML) RIS
  • More searches
    Search for this title in:
    Other Libraries (WorldCat) Other Databases (Google Scholar) Online Stores (Bookfinder.com) Open Library (openlibrary.org)

Exporting to Dublin Core...

SOUTHVILLE LIBRARY

Southville International School and Colleges Library

1281 Tropical Ave. Cor. Luxembourg St., BF Homes International, Las Pinas City

Tel. No. 8256374 / 252358 Loc. 117/146

Powered by Koha